000 00303nam a22001217a 4500
020 _a0-53405-910-4
082 _a628.53 COO'A
100 _aALLEY, F.C , COOPER, DAVID C
_962416
245 _aAIR POLLUTION CONTROL , A DESIGN APPROACH
260 _aBOSTON
_bPWS
_c1986
300 _aXIX,630
942 _cBK
999 _c571531
_d571531